ბათუმის შოთა რუსთაველის სახელმწიფო უნივერსიტეტის ბიბლიოთეკა

უნივერსიტეტი : (ბიბ.ჩანაწერი № 53161)

000 -ლიდერი
ფიქსირებული სიგრძის საკონტროლო ველი 01500nam a2200265Ia 4500
001 - საკონტროლო ნომერი
საკონტროლო ველი 20200
003 - საკონტროლო ნომრის იდენტიფიკატორი
საკონტროლო ველი GE_BSU
005 - ბოლო ოპერაციის თარიღი და დრო
საკონტროლო ველი 20200606232016.0
008 - ფიქსირებული სიგრძის მონაცემთა ელემენტები - ზოგადი ინფორმაცია
ფიქსირებული სიგრძის საკონტროლო ველი 181216s2011||||ge |||||||||||||| ||geo||
020 ## - წიგნის საერთაშორისო სტანდარტული ნომერი
International Standard Book Number 978994131745
040 ## - კატალოგიზაციის წყარო
Transcribing agency GE_BSU
041 ## - ენის კოდი
Language code of text/sound track or separate title geo
080 ## - უნივერსალური ათობითი კლასიფიკაციის ინდექსი
Universal Decimal Classification number 378.4(479.22-25) უ-47
245 ## - ცნობა სათაურის შესახებ
Title უნივერსიტეტი :
Remainder of title ივანე ჯავახიშვილის სახელობის თბილისის სახელმწიფო უნივერსიტეტი, 1918-2010 /
Statement of responsibility, etc ტექსტის ავტ.ზურაბ გაიპარაშვილი, თამარ ებრალიძე, ნანა კაჭარავა [და სხვ.].
250 ## - გამოცემის ცნობა
Edition statement მე-2 გამოცემა
264 ## - წარმოების, გამოცემის, დისტრიბუციის და სხვა ცნობები
გამოცემის, წარმოების, დისტრიბუციის... ადგილი თბილისი :
გამოცემის, წარმოების, დისტრიბუციის... სახელწოდება შპს ["ფავორიტი პრინტი"],
გამოცემის, წარმოების, დისტრიბუციის... თარიღი 2011.
300 ## - ფიზიკური აღწერა
Extent 186 გვ. :
Other physical details ფოტ. ;
Dimensions 24 სმ.
546 ## - LANGUAGE NOTE
Language note ტექსტი ქართულ და ინგლიურ ენებზე
653 ## - INDEX TERM--UNCONTROLLED
Uncontrolled term განათლება
653 ## - INDEX TERM--UNCONTROLLED
Uncontrolled term თბილისის სახელმწიფო უნივერსიტეტის ისტორია
700 ## - ADDED ENTRY--PERSONAL NAME
Personal name გაიპარაშვილი, ზურაბ
Relator term ავტორი
9 (RLIN) 8311
700 ## - ADDED ENTRY--PERSONAL NAME
Personal name ებრალიძე, თამარ
Relator term ავტორი
9 (RLIN) 8312
700 ## - ADDED ENTRY--PERSONAL NAME
Personal name კაჭარავა, ნანა
Relator term ავტორი
9 (RLIN) 8313
942 ## - ADDED ENTRY ELEMENTS (KOHA)
Koha item type წიგნი
Source of classification or shelving scheme
ეგზემპლარები
ჩამოწერის სტატუსი დაკარგული ეგზემპლარის სტატუსი კლასიფიკაციის წყარო ან თაროზე გაწყობის სქემა დაზიანების სტატუსი არ გაიცემა მუდმივი მდებარეობა (დაცვის ადგილი) ამჟამინდელი ადგილსამყოფელი თაროზე განთავსების ადგილი შეძენის თარიღი სრული შენახვის შიფრი შტრიხკოდი ბოლო ოპერაციის თარიღი ეგზემპლარის მიმდევრობითი ნომერი (კეტერი?) ფასის ძალაში შესვლის თარიღი ეგზემპლარის სახეობა
          ბათუმის შოთა რუსთაველის სახელმწიფო უნივერსიტეტის მთავარი ბიბლიოთეკა ბათუმის შოთა რუსთაველის სახელმწიფო უნივერსიტეტის მთავარი ბიბლიოთეკა წიგნსაცავი 2018-12-17 378.4(479.22-25) უ-47 52770 2018-12-17 52770 2018-12-17 წიგნი